Melusine / (Record no. 26632)

MARC details
000 -LEADER
campo de control de longitud fija 00635nam a2200193 i 4500
001 - NÚMERO DE CONTROL
campo de control 26632
003 - IDENTIFICADOR DE NÚMERO DE CONTROL
campo de control ES-MaACL
007 - CAMPO FIJO DE DESCRIPCIÓN FÍSICA--INFORMACIÓN GENERAL
campo de control de longitud fija t|
008 - DATOS DE LONGITUD FIJA--INFORMACIÓN GENERAL
campo de control de longitud fija 030109s1854 fr ||||1| fre d
100 1# - ENTRADA PRINCIPAL--NOMBRE DE PERSONA
Nombre de persona Jean d'Arras.
9 (RLIN) 66233
245 10 - MENCIÓN DEL TÍTULO
Título Melusine /
Mención de responsabilidad, etc. par Jean d'Arras ; nouvelle edition, conformé a celle de 1478, revue et corrigée avec une préface par M. Ch. Brunet.
260 ## - PUBLICACIÓN, DISTRIBUCIÓN, ETC.
Lugar de publicación, distribución, etc. París :
Nombre del editor, distribuidor, etc. P. Jannet,
Fecha de publicación, distribución, etc. 1854.
300 ## - DESCRIPCIÓN FÍSICA
Extensión 432 p. ;
Dimensiones 17 cm.
490 1# - MENCIÓN DE SERIE
Mención de serie Bibliothèque elzévirienne ;
Designación de volumen o secuencia 49
700 1# - ENTRADA AGREGADA--NOMBRE PERSONAL
Nombre de persona Brunet, M. Ch.
9 (RLIN) 32164
830 0# - PUNTO DE ACCESO ADICIONAL DE SERIE-TÍTULO UNIFORME
Título uniforme Bibliothèque elzévirienne ;
Designación de volumen o secuencia 49
9 (RLIN) 180979
852 ## - LOCALIZACIÓN
Ubicación ES-MaACL
Número de control de estantería G-2253
Holdings
Estatus retirado Estado de pérdida Estado de daño No para préstamo Colección Biblioteca de origen Biblioteca actual Ubicación en estantería Fecha de adquisición Fuente de adquisición Total de préstamos Signatura topográfica completa Código de barras Visto por última vez Precio de reemplazo Tipo de ítem Koha
        Libros del s. XIX Biblioteca del Ateneo de Madrid Biblioteca del Ateneo de Madrid Depósito 2 17/01/2008     G-2253 1027483 23/02/2023 23/02/2023 Libro impreso antiguo